Международный финансовый менеджмент: учебное пособие для вузов

書誌詳細
第一著者: Тепман Л. Н. Леонид Наумович
その他の著者: Эриашвили Н. Д. Нодари Дарчоевич
要約:Обосновывается теория управления финансами в транснациональных компаниях на основе выявления закономерностей развития финансового менеджмента. Проводится систематизация применяемых разными ком­паниями инструментов управления финансами в рамках этой теории. Рассматривается технология применения различных инструментов управ­ления финансами, используемых в транснациональных компаниях. Определены достоинства и недостатки этих инструментов, обозначены основные принципы управления финансами.Приведены основные показатели и структура анализа финансово-хозяйственной деятельности в транснациональных компаниях, критерии принятия решений в управлении финансами.Для студентов бакалавриата, преподавателей экономических вузов, а также финансовых менеджеров, управленцев и бухгалтеров транснацио­нальных корпораций, специалистов по антикризисному управлению, риск-менеджеров.
言語:ロシア語
出版事項: Москва, ЮНИТИ, 2016
主題:
フォーマット: 図書
KOHA link:https://koha.lib.tpu.ru/cgi-bin/koha/opac-detail.pl?biblionumber=312152

MARC

LEADER 00000nam0a2200000 4500
001 312152
005 20231102002446.0
010 |a 9785238027692 
035 |a (RuTPU)RU\TPU\book\337519 
090 |a 312152 
100 |a 20151217d2016 m y0rusy50 ca 
101 0 |a rus 
102 |a RU 
105 |a a j 001zy 
200 1 |a Международный финансовый менеджмент  |e учебное пособие для вузов  |f Л. Н. Тепман, Н. Д. Эриашвили 
210 |a Москва  |c ЮНИТИ  |d 2016 
215 |a 367 с.  |c ил. 
320 |a Библиогр.: с. 351-354. 
320 |a Глоссарий: с. 355-363. 
330 |a Обосновывается теория управления финансами в транснациональных компаниях на основе выявления закономерностей развития финансового менеджмента. Проводится систематизация применяемых разными ком­паниями инструментов управления финансами в рамках этой теории. Рассматривается технология применения различных инструментов управ­ления финансами, используемых в транснациональных компаниях. Определены достоинства и недостатки этих инструментов, обозначены основные принципы управления финансами.Приведены основные показатели и структура анализа финансово-хозяйственной деятельности в транснациональных компаниях, критерии принятия решений в управлении финансами.Для студентов бакалавриата, преподавателей экономических вузов, а также финансовых менеджеров, управленцев и бухгалтеров транснацио­нальных корпораций, специалистов по антикризисному управлению, риск-менеджеров. 
606 1 |a Международные финансы  |2 stltpush  |3 (RuTPU)RU\TPU\subj\69897  |9 84558 
610 1 |a финансовый менеджмент 
610 1 |a финансовые альянсы 
610 1 |a мировая экономика 
610 1 |a транснациональные корпорации 
610 1 |a международные стандарты 
610 1 |a финансовая отчетность 
610 1 |a международные компании 
610 1 |a стратегическое планирование 
610 1 |a валютно-финансовые проблемы 
610 1 |a международные инвестиции 
610 1 |a стоимость 
610 1 |a капитал 
610 1 |a ценные бумаги 
610 1 |a инвестиционная деятельность 
610 1 |a прямые инвестиции 
610 1 |a прямые инвестиции 
610 1 |a иностранные инвестиции 
610 1 |a риски 
610 1 |a управления 
610 1 |a учебные пособия 
686 |a У526я73  |v LBC/SL-A  |2 rubbk 
700 1 |a Тепман  |b Л. Н.  |g Леонид Наумович 
701 1 |a Эриашвили  |b Н. Д.  |g Нодари Дарчоевич 
801 1 |a RU  |b 63413507  |c 20151217 
801 2 |a RU  |b 63413507  |c 20171024  |g RCR 
900 |a Финансовый менеджмент 
942 |c BK 
951 |l 8.1 
959 |a 133/20151027  |d 1  |e 800,00  |f ЧЗГЛ:1